International finance : An Analytical Approach (Record no. 2804)

000 -LEADER
fixed length control field 00978pam a2200289 a 4500
001 - CONTROL NUMBER
control field 1087980
003 - CONTROL NUMBER IDENTIFIER
control field OSt
005 - DATE AND TIME OF LATEST TRANSACTION
control field 20160818095133.0
008 - FIXED-LENGTH DATA ELEMENTS--GENERAL INFORMATION
fixed length control field 920616s1993 maua b 000 0 eng
010 ## - LIBRARY OF CONGRESS CONTROL NUMBER
LC control number 92023755
020 ## - INTERNATIONAL STANDARD BOOK NUMBER
International Standard Book Number 9780070278516
040 ## - CATALOGING SOURCE
Original cataloging agency DLC
Transcribing agency DLC
Modifying agency DLC
050 00 - LIBRARY OF CONGRESS CALL NUMBER
Classification number HG3881.M66 2010
082 00 - DEWEY DECIMAL CLASSIFICATION NUMBER
Classification number 332/.042
Edition number 20
100 ## - MAIN ENTRY--PERSONAL NAME
Personal name Moosa, Imad A.
245 00 - TITLE STATEMENT
Title International finance : An Analytical Approach
Statement of responsibility, etc Imad A. Moosa
250 ## - EDITION STATEMENT
Edition statement 3rd ed.
260 ## - PUBLICATION, DISTRIBUTION, ETC. (IMPRINT)
Place of publication, distribution, etc Australia
Name of publisher, distributor, etc McGraw-Hill
Date of publication, distribution, etc c2010,
300 ## - PHYSICAL DESCRIPTION
Extent xv, 560 p. :
Other physical details ill. ;
Dimensions 25 cm.
500 ## - GENERAL NOTE
General note Rev. ed. of: 50 cases in international finance. c1987.
504 ## - BIBLIOGRAPHY, ETC. NOTE
Bibliography, etc Includes bibliographical references.
650 #0 - SUBJECT ADDED ENTRY--TOPICAL TERM
Topical term or geographic name as entry element International finance
General subdivision Case studies.
730 0# - ADDED ENTRY--UNIFORM TITLE
Uniform title 50 cases in international finance.
906 ## - LOCAL DATA ELEMENT F, LDF (RLIN)
a 7
b cbc
c orignew
d 1
e ocip
f 19
g y-gencatlg
942 ## - ADDED ENTRY ELEMENTS (KOHA)
Source of classification or shelving scheme
Koha item type Book
Holdings
Withdrawn status Lost status Source of classification or shelving scheme Damaged status Not for loan Home library Current library Shelving location Date acquired Total Checkouts Full call number Barcode Date last seen Date checked out Copy number Price effective from Koha item type
          Riara University Library Riara University Library General stack 18/08/2016 1 HG3881.M66 2010 7005/16 14/12/2016 14/12/2016 C.1 18/08/2016 Book

Riara University Library,
P.O. Box 49940-00100,
Nairobi, Kenya.